[Event "Play for Durgesh Fundraiser Blitz"]
[Site "Vishy Anand Arena"]
[Date "2020.09.19"]
[Round "9"]
[White "Gonda"]
[Black "SHANKHADEEP2006"]
[Result "1-0"]
[WhiteElo "1584"]
[BlackElo "1836"]
[Annotator "NA"]
[PlyCount "115"]
[EventDate "2020.09.19"]
[EventType "swiss (blitz)"]

1. e4 e5 2. Nf3 Nc6 3. Bb5 Nf6 4. d3 Ne7 5. O-O c6 6. Bc4 Ng6 7. Ng5 d5 8. exd5 cxd5 9. Bb5+ Bd7 10. Bxd7+ Qxd7 11. Re1 Be7 12. Nf3 e4 13. dxe4 Nxe4 14. Nbd2 Nf6 15. h3 O-O 16. c4 dxc4 17. Nxc4 Qxd1 18. Rxd1 Bc5 19. Ne3 Rad8 20. Rxd8 Rxd8 21. a3 Nd5 22. Nxd5 Rxd5 23. b4 Rd1+ 24. Kh2 Bd6+ 25. g3 Ne5 26. Nxe5 Bxe5 27. Rb1 Bd4 28. Kg2 b6 29. Kf3 Rh1 30. h4 Re1 31. Kg2 Re2 32. Be3 Bxe3 33. Rd1 Rd2 34. Re1 Rxf2+ 35. Kh3 f5 36. Rxe3 Kf7 37. Rc3 Re2 38. Rc7+ Re7 39. Rc3 g6 40. Kg2 Kf6 41. Kf3 Re6 42. g4 Re7 43. gxf5 Kf7 44. fxg6+ Kxg6 45. Kg4 Kf7 46. Rc4 Kg7 47. h5 Rf7 48. a4 Kh6 49. a5 Kg7 50. axb6 axb6 51. Rd4 Rf6 52. Rd5 Kh6 53. b5 Rc6 54. bxc6 b5 55. c7 b4 56. c8=Q b3 57. Rb5 b2 58. Qf8# 1-0

[Event "Play for Durgesh Fundraiser Blitz"]
[Site "Vishy Anand Arena"]
[Date "2020.09.19"]
[Round "9"]
[White "Arnav_krishna"]
[Black "ruhikansb"]
[Result "1-0"]
[WhiteElo "1578"]
[BlackElo "1248"]
[Annotator "NA"]
[PlyCount "83"]
[EventDate "2020.09.19"]
[EventType "swiss (blitz)"]

1. e4 e5 2. Nf3 Nc6 3. Nc3 Nf6 4. d4 exd4 5. Nxd4 Nxd4 6. Qxd4 Be7 7. Be3 O-O 8. Be2 c5 9. Qd2 d6 10. O-O Ng4 11. Nd5 Nxe3 12. Qxe3 Bg5 13. Qd3 Be7 14. f4 f5 15. exf5 Bxf5 16. Qe3 Re8 17. Qg3 Bh4 18. Qb3 Rxe2 19. Nc3+ Kh8 20. Nxe2 Qf6 21. Ng3 Bxg3 22. hxg3 Be4 23. Rfe1 Re8 24. Qb5 Re7 25. Qb3 h6 26. Qc4 d5 27. Qxc5 b6 28. Qc8+ Kh7 29. Qc3 d4 30. Qb3 d3 31. cxd3 Qd4+ 32. Kh1 Bd5 33. Qc2 Rxe1+ 34. Rxe1 h5 35. Re8 Qf6 36. Qc3 Qc6 37. Qxc6 Bxg2+ 38. Kxg2 b5 39. Qc7 a5 40. Re7 Kh6 41. Rxg7 b4 42. Qd7 1-0

[Event "Play for Durgesh Fundraiser Blitz"]
[Site "Vishy Anand Arena"]
[Date "2020.09.19"]
[Round "9"]
[White "Chessison"]
[Black "Shreesuday"]
[Result "1-0"]
[WhiteElo "1576"]
[BlackElo "1535"]
[Annotator "NA"]
[PlyCount "109"]
[EventDate "2020.09.19"]
[EventType "swiss (blitz)"]

1. d4 Nf6 2. c4 e6 3. Nf3 Bb4+ 4. Bd2 Bxd2+ 5. Nbxd2 c5 6. e3 Nc6 7. Qc2 cxd4 8. Nxd4 Nxd4 9. exd4 d5 10. c5 Bd7 11. b4 a6 12. a3 O-O 13. Bd3 Qe8 14. O-O a5 15. Nf3 Bb5 16. Ne5 Bxd3 17. Qxd3 Ne4 18. f3 Nf6 19. b5 Rb8 20. a4 b6 21. c6 Qc8 22. Rac1 Qc7 23. Rc2 Rbd8 24. Rfc1 h6 25. Qc3 Rfe8 26. Qd3 Rf8 27. Qc3 Rfe8 28. Qe1 Rf8 29. Qe2 Rfe8 30. Qe3 Rf8 31. Qd2 Rc8 32. Rc3 Qd6 33. Qc2 Rc7 34. Qb3 Rfc8 35. Qa3 Qxa3 36. Rxa3 Kf8 37. Rac3 Ke7 38. R3c2 Kd6 39. Rc3 Ke7 40. R3c2 Kd6 41. Kf2 Ke7 42. Ke3 g5 43. g3 Kd6 44. Ng4 Nxg4+ 45. fxg4 Ke7 46. h4 f6 47. hxg5 fxg5 48. Rh1 Rh8 49. Rch2 Kf7 50. Rxh6 Rxh6 51. Rxh6 Ke8 52. Rg6 Kf7 53. Rxg5 Ke7 54. Rh5 Kd6 55. Kf4 1-0

[Event "Play for Durgesh Fundraiser Blitz"]
[Site "Vishy Anand Arena"]
[Date "2020.09.19"]
[Round "9"]
[White "Tarun Mateti"]
[Black "Prochamp27"]
[Result "1-0"]
[WhiteElo "1576"]
[BlackElo "1590"]
[Annotator "NA"]
[PlyCount "115"]
[EventDate "2020.09.19"]
[EventType "swiss (blitz)"]

1. d4 d5 2. c4 e6 3. Nf3 Nf6 4. g3 Nc6 5. Bg2 Bd6 6. O-O O-O 7. Nc3 b6 8. Bg5 dxc4 9. e4 h6 10. Bxf6 gxf6 11. Qa4 Na5 12. Nb5 Bd7 13. e5 Be7 14. exf6 Bxf6 15. Ne5 a6 16. Nxd7 Qxd7 17. Bxa8 Rxa8 18. Nc3 Qxa4 19. Nxa4 Bxd4 20. Rad1 e5 21. Nc3 Nc6 22. Kg2 Kg7 23. f4 Bxc3 24. bxc3 exf4 25. Rxf4 Re8 26. Rd7 Re2+ 27. Rf2 Re7 28. Rxe7 Nxe7 29. Rf4 b5 30. Kf3 Kg6 31. Ke4 f5+ 32. Kd4 Kf6 33. Kc5 Ke6 34. g4 Ng6 35. gxf5+ Kf6 36. fxg6+ Kxg6 37. Kc6 Kg5 38. Rf1 Kh4 39. Kxc7 Kh3 40. Kc6 Kxh2 41. Kb6 Kg2 42. Rb1 h5 43. Kxa6 h4 44. Kxb5 h3 45. Kxc4 h2 46. a4 h1=Q 47. Rxh1 Kxh1 48. a5 Kg2 49. a6 Kf3 50. a7 Ke3 51. a8=Q Kd2 52. Qd5+ Kc2 53. Kb4 Kb2 54. c4 Kc2 55. c5 Kb2 56. c6 Kc2 57. c7 Kb2 58. c8=Q 1-0

[Event "Play for Durgesh Fundraiser Blitz"]
[Site "Vishy Anand Arena"]
[Date "2020.09.19"]
[Round "9"]
[White "ArunaD"]
[Black "Aryn"]
[Result "1-0"]
[WhiteElo "1570"]
[BlackElo "1606"]
[Annotator "NA"]
[PlyCount "81"]
[EventDate "2020.09.19"]
[EventType "swiss (blitz)"]

1. f4 d5 2. Nf3 Nc6 3. e3 Bf5 4. Bb5 Nf6 5. b3 a6 6. Bxc6+ bxc6 7. Bb2 e5 8. Nxe5 Bd6 9. O-O O-O 10. d3 Rb8 11. Nd2 a5 12. Ndf3 a4 13. Ng5 a3 14. Bc3 c5 15. g4 Bxe5 16. Bxe5 Bxg4 17. Bxf6 Bxd1 18. Bxd8 Rbxd8 19. Raxd1 h6 20. Nf3 g5 21. fxg5 hxg5 22. Nxg5 f6 23. Ne6 Rde8 24. Nxf8 Rxf8 25. Rf5 Rf7 26. Rdf1 Rg7+ 27. Kh1 Rf7 28. Rxf6 Rxf6 29. Rxf6 Kg7 30. Rf5 c6 31. e4 dxe4 32. dxe4 Kg6 33. c4 Kg7 34. Kg2 Kg6 35. Kg3 Kg7 36. Kg4 Kg6 37. h4 Kg7 38. Kg5 Kh7 39. Rf7+ Kg8 40. Kg6 Kh8 41. Rf8# 1-0

[Event "Play for Durgesh Fundraiser Blitz"]
[Site "Vishy Anand Arena"]
[Date "2020.09.19"]
[Round "9"]
[White "The ChessForce"]
[Black "Rosh161011"]
[Result "1-0"]
[WhiteElo "1563"]
[BlackElo "1698"]
[Annotator "NA"]
[PlyCount "95"]
[EventDate "2020.09.19"]
[EventType "swiss (blitz)"]

1. e4 d5 2. exd5 Nf6 3. Nc3 Bg4 4. Be2 Bxe2 5. Ngxe2 Nxd5 6. O-O Nxc3 7. Nxc3 e6 8. Qf3 Bd6 9. Qxb7 Nd7 10. Ne4 Be7 11. b3 Rb8 12. Qxa7 Rb6 13. d3 Nf6 14. Be3 Rb8 15. Nxf6+ Bxf6 16. Rad1 O-O 17. Qc5 Ra8 18. a4 Be7 19. Qc4 Bd6 20. Bc5 Bxc5 21. Qxc5 Qd7 22. Rfe1 Rfd8 23. Re4 Qd5 24. Qxd5 Rxd5 25. Rc4 c5 26. Re1 Rad8 27. Ra1 Re5 28. Kf1 Rd7 29. a5 Ra7 30. b4 g6 31. b5 Rd5 32. b6 Ra6 33. b7 Rd8 34. Rxc5 Rb8 35. Rc8+ Kg7 36. Rxb8 Rxa5 37. Rxa5 e5 38. Re8 f6 39. b8=Q e4 40. Qc7+ Kh6 41. Qf4+ g5 42. Rxg5 fxg5 43. Qf6+ Kh5 44. Re5 h6 45. Qf7+ Kh4 46. g3+ Kg4 47. h3+ Kxh3 48. Qh5# 1-0

[Event "Play for Durgesh Fundraiser Blitz"]
[Site "Vishy Anand Arena"]
[Date "2020.09.19"]
[Round "9"]
[White "kaukik"]
[Black "Varunrambharose"]
[Result "1-0"]
[WhiteElo "1554"]
[BlackElo "1804"]
[Annotator "NA"]
[PlyCount "85"]
[EventDate "2020.09.19"]
[EventType "swiss (blitz)"]

1. d4 d5 2. c4 c6 3. Nf3 Nf6 4. g3 dxc4 5. Bg2 b5 6. Ne5 Qb6 7. O-O Bb7 8. a4 a5 9. Na3 e6 10. b3 Bxa3 11. Bxa3 b4 12. Nxc4 Qc7 13. Bc1 O-O 14. Bf4 Qd8 15. Bd6 Re8 16. Bc5 Nbd7 17. Nd6 Nxc5 18. Nxe8 Qxe8 19. dxc5 Nd5 20. Qc2 Qe7 21. Rad1 Nc3 22. Rd6 Rc8 23. e4 g6 24. e5 h5 25. f4 Rb8 26. Rf2 Rc8 27. Rfd2 Nd5 28. Be4 h4 29. Rg2 Ne3 30. Qd3 Nxg2 31. Bxg2 Rc7 32. Be4 Kg7 33. g4 Qe8 34. f5 Qe7 35. f6+ Qxf6 36. exf6+ Kxf6 37. Qd4+ Kg5 38. Qe5+ Kh6 39. g5+ Kh7 40. Rd8 f6 41. Qxf6 Rg7 42. Bxg6+ Rxg6 43. Rh8# 1-0

[Event "Play for Durgesh Fundraiser Blitz"]
[Site "Vishy Anand Arena"]
[Date "2020.09.19"]
[Round "9"]
[White "Evilgenuisfanop2"]
[Black "Cubing siddanth"]
[Result "1-0"]
[WhiteElo "1543"]
[BlackElo "1406"]
[Annotator "NA"]
[PlyCount "27"]
[EventDate "2020.09.19"]
[EventType "swiss (blitz)"]

1. e4 c5 2. Bc4 d6 3. Nf3 Nf6 4. e5 dxe5 5. Nxe5 Qc7 6. Nxf7 Bg4 7. f3 Bxf3 8. Qxf3 Rg8 9. Ng5 Qe5+ 10. Qe3 Qd6 11. Bxg8 Nxg8 12. Qe6 Qf4 13. Rf1 Qxh2 14. Qc8# 1-0

[Event "Play for Durgesh Fundraiser Blitz"]
[Site "Vishy Anand Arena"]
[Date "2020.09.19"]
[Round "9"]
[White "Ravs_rams"]
[Black "abhi_golu"]
[Result "0-1"]
[WhiteElo "1532"]
[BlackElo "1621"]
[Annotator "NA"]
[PlyCount "21"]
[EventDate "2020.09.19"]
[EventType "swiss (blitz)"]

1. e4 d5 2. Nf3 dxe4 3. Ng5 Nc6 4. Nxe4 Bf5 5. Nec3 Nf6 6. d3 e5 7. Nd2 Bc5 8. g3 O-O 9. Bg2 Bg4 10. O-O Bxd1 11. Rxd1 0-1

[Event "Play for Durgesh Fundraiser Blitz"]
[Site "Vishy Anand Arena"]
[Date "2020.09.19"]
[Round "9"]
[White "Akshar77"]
[Black "Tusharsawant91"]
[Result "0-1"]
[WhiteElo "1530"]
[BlackElo "1534"]
[Annotator "NA"]
[PlyCount "84"]
[EventDate "2020.09.19"]
[EventType "swiss (blitz)"]

1. e4 e5 2. Nf3 Nc6 3. Bc4 Bc5 4. O-O Nf6 5. d3 O-O 6. Nc3 a6 7. Nd5 d6 8. Bg5 Be6 9. Nxf6+ gxf6 10. Bh6 Re8 11. Bxe6 fxe6 12. Nd4 Qd7 13. Nxc6 bxc6 14. Qg4+ Kh8 15. Qh4 Qf7 16. Be3 Bxe3 17. fxe3 Rf8 18. Rf3 f5 19. Raf1 Qf6 20. Qxf6+ Rxf6 21. exf5 Re8 22. fxe6 Rfxe6 23. Rf8+ Rxf8 24. Rxf8+ Kg7 25. Ra8 d5 26. Rxa6 Kf6 27. a4 Rd6 28. Ra7 Rd7 29. a5 e4 30. d4 Ke6 31. c3 c5 32. dxc5 c6 33. a6 Rxa7 34. c4 Rxa6 35. g4 dxc4 36. Kg2 c3 37. Kh3 cxb2 38. Kh4 b1=Q 39. Kh5 Qf1 40. Kh6 Qh3+ 41. Kg7 Qxh2 42. Kg8 Qe5 0-1

[Event "Play for Durgesh Fundraiser Blitz"]
[Site "Vishy Anand Arena"]
[Date "2020.09.19"]
[Round "9"]
[White "Doremon2011"]
[Black "ramul"]
[Result "0-1"]
[WhiteElo "1529"]
[BlackElo "1850"]
[Annotator "NA"]
[PlyCount "64"]
[EventDate "2020.09.19"]
[EventType "swiss (blitz)"]

1. e4 c5 2. Nf3 e6 3. d4 cxd4 4. Nxd4 a6 5. Nc3 Qc7 6. Nf3 Nf6 7. Bd3 Bb4 8. Bd2 O-O 9. O-O b5 10. e5 Bxc3 11. Bxc3 Nd5 12. Qe2 Nxc3 13. bxc3 Bb7 14. Ng5 h6 15. Qh5 Nc6 16. Nxf7 Rxf7 17. Qg6 Nxe5 18. Qh7+ Kf8 19. Bg6 Nxg6 20. Qxg6 Qc6 21. Rad1 Rf6 22. Qg4 Kg8 23. f4 Raf8 24. Rd3 Rxf4 25. Rxf4 Rxf4 26. Qg3 Qc5+ 27. Re3 Qf5 28. Re1 Rg4 29. Qe3 Rxg2+ 30. Kh1 Rg4+ 31. Qe4 Bxe4+ 32. Rxe4 Qxe4# 0-1

[Event "Play for Durgesh Fundraiser Blitz"]
[Site "Vishy Anand Arena"]
[Date "2020.09.19"]
[Round "9"]
[White "Kakashi Hatake"]
[Black "Henrik"]
[Result "1-0"]
[WhiteElo "1526"]
[BlackElo "1804"]
[Annotator "NA"]
[PlyCount "25"]
[EventDate "2020.09.19"]
[EventType "swiss (blitz)"]
[BlackTeam "SK Gründau"]

1. e4 c6 2. Nf3 d5 3. exd5 cxd5 4. d4 Nf6 5. Nc3 Bg4 6. Be2 Nc6 7. Ne5 Bxe2 8. Qxe2 Nxd4 9. Qd3 Nc6 10. Qb5 Qb6 11. Nxd5 Nxd5 12. Qxd5 e6 13. Qd7# 1-0

[Event "Play for Durgesh Fundraiser Blitz"]
[Site "Vishy Anand Arena"]
[Date "2020.09.19"]
[Round "9"]
[White "ArkaCHESS"]
[Black "skipper_chess"]
[Result "1-0"]
[WhiteElo "1517"]
[BlackElo "1604"]
[Annotator "NA"]
[PlyCount "51"]
[EventDate "2020.09.19"]
[EventType "swiss (blitz)"]

1. Nf3 Nf6 2. g3 g6 3. Bg2 Bg7 4. O-O O-O 5. d3 d6 6. Nbd2 Nbd7 7. e4 e5 8. Qe2 Qe7 9. Nc4 Nc5 10. b4 Ncd7 11. Ne3 Nb6 12. c4 c6 13. a4 a6 14. a5 Nbd7 15. Ba3 Re8 16. Nh4 Nf8 17. Nf3 Ne6 18. Nh4 Nd4 19. Qd1 Bd7 20. Nf3 Nxf3+ 21. Qxf3 Bg4 22. Nxg4 Nxg4 23. Qxg4 Qe6 24. Qxe6 Rxe6 25. Bh3 Ree8 26. Bb2 1-0

[Event "Play for Durgesh Fundraiser Blitz"]
[Site "Vishy Anand Arena"]
[Date "2020.09.19"]
[Round "9"]
[White "advay_aggarwal"]
[Black "Ashutosh Agrawal"]
[Result "0-1"]
[WhiteElo "1514"]
[BlackElo "1686"]
[Annotator "NA"]
[PlyCount "102"]
[EventDate "2020.09.19"]
[EventType "swiss (blitz)"]

1. e4 c5 2. Nf3 d6 3. d4 cxd4 4. Nxd4 Nf6 5. Nc3 a6 6. Be3 e5 7. Nb3 Be7 8. Bc4 Nc6 9. O-O Be6 10. Bxe6 fxe6 11. Re1 O-O 12. h3 Rc8 13. Bg5 Qe8 14. Bxf6 Bxf6 15. Na4 Qe7 16. Nb6 Rc7 17. a3 Qd8 18. Nc4 d5 19. exd5 exd5 20. Ne3 d4 21. Nc4 Na7 22. Ncd2 Qd5 23. Ne4 Be7 24. c3 d3 25. Re3 Rd8 26. f3 Nb5 27. Nf2 Nxc3 28. bxc3 Rxc3 29. Nc1 Bc5 30. Rxd3 Rxd3 31. Ncxd3 Qc4 32. Rc1 Bxf2+ 33. Kxf2 Qxd3 34. Qxd3 Rxd3 35. Rc8+ Kf7 36. Rc7+ Kg6 37. Rxb7 Rxa3 38. Re7 Kf5 39. g4+ Kf6 40. Rd7 Ra2+ 41. Ke3 a5 42. Rd8 a4 43. Rf8+ Kg6 44. Ke4 Re2+ 45. Kd3 Rf2 46. Kc3 a3 47. Ra8 a2 48. h4 Rxf3+ 49. Kb2 Rf2+ 50. Kb3 Rg2 51. Rxa2 Rxa2 0-1

[Event "Play for Durgesh Fundraiser Blitz"]
[Site "Vishy Anand Arena"]
[Date "2020.09.19"]
[Round "9"]
[White "Deer25"]
[Black "Ahaanmehta"]
[Result "1-0"]
[WhiteElo "1507"]
[BlackElo "1670"]
[Annotator "NA"]
[PlyCount "59"]
[EventDate "2020.09.19"]
[EventType "swiss (blitz)"]

1. e4 e5 2. Nf3 Nc6 3. Bc4 Bc5 4. c3 Nf6 5. d3 h6 6. O-O d6 7. Nbd2 Bg4 8. Re1 O-O 9. h3 Bh5 10. Nf1 Ne7 11. Ng3 Bg6 12. d4 exd4 13. cxd4 Bb4 14. Bd2 Bxd2 15. Qxd2 c6 16. Rad1 d5 17. exd5 cxd5 18. Bb3 Nc6 19. Nh4 Qc7 20. Nxg6 fxg6 21. Rf1 Kh7 22. Qd3 Rfe8 23. Rfe1 Rxe1+ 24. Rxe1 Qd6 25. Bc2 Ne4 26. Nxe4 dxe4 27. Qxe4 Qxd4 28. Qxg6+ Kg8 29. Re8+ Rxe8 30. Qxe8# 1-0

[Event "Play for Durgesh Fundraiser Blitz"]
[Site "Vishy Anand Arena"]
[Date "2020.09.19"]
[Round "9"]
[White "Ameethh"]
[Black "maddy_ducky"]
[Result "0-1"]
[WhiteElo "1501"]
[BlackElo "1493"]
[Annotator "NA"]
[PlyCount "56"]
[EventDate "2020.09.19"]
[EventType "swiss (blitz)"]

1. d4 Nf6 2. c4 c5 3. d5 b5 4. cxb5 a6 5. e3 g6 6. Nc3 Bg7 7. Nf3 d6 8. Bd3 Qa5 9. O-O O-O 10. Bd2 Qb6 11. Qc2 axb5 12. b3 b4 13. Ne2 Nxd5 14. Rac1 Ba6 15. Bxa6 Nxa6 16. Qe4 e6 17. Nf4 Nxf4 18. Qxf4 Nc7 19. Qg3 Rxa2 20. Ra1 Rxa1 21. Rxa1 Bxa1 22. Qh4 c4 23. Ng5 h5 24. g4 c3 25. Bc1 f6 26. Ne4 Ne8 27. gxh5 gxh5 28. Qxh5 Rf7 0-1

[Event "Play for Durgesh Fundraiser Blitz"]
[Site "Vishy Anand Arena"]
[Date "2020.09.19"]
[Round "9"]
[White "Sparsh gupta"]
[Black "Parthivkava"]
[Result "1-0"]
[WhiteElo "1499"]
[BlackElo "1563"]
[Annotator "NA"]
[PlyCount "121"]
[EventDate "2020.09.19"]
[EventType "swiss (blitz)"]

1. e4 c6 2. d4 d5 3. exd5 cxd5 4. Bd3 Nc6 5. c3 Nf6 6. Bf4 Bg4 7. Qb3 Qd7 8. Nd2 e6 9. Ngf3 Rb8 10. O-O Bd6 11. Bxd6 Qxd6 12. h3 Bh5 13. Qc2 Bg6 14. Rfe1 O-O 15. Bxg6 hxg6 16. Ne5 Kh7 17. Ndf3 Ne4 18. Qc1 Nxe5 19. Nxe5 f6 20. Nd3 Rh8 21. Qf4 e5 22. dxe5 fxe5 23. Qxe5 Qxe5 24. Nxe5 Rbe8 25. Ng4 Rhf8 26. f3 Ng3 27. Kf2 Nf5 28. Rad1 Rd8 29. Rd2 d4 30. cxd4 Nxd4 31. Red1 Ne6 32. Rxd8 Rxd8 33. Rxd8 Nxd8 34. Ke3 Nc6 35. a3 Kg8 36. Ke4 Kf7 37. Kd5 Ke7 38. Ne5 Nxe5 39. Kxe5 Kd7 40. h4 Ke7 41. g4 Kd7 42. f4 Ke7 43. h5 gxh5 44. gxh5 a6 45. f5 b6 46. b3 a5 47. a4 Kf7 48. Kf4 Kf6 49. Kg4 Ke5 50. Kg5 Kd6 51. Kg6 Ke5 52. Kxg7 Kxf5 53. h6 Ke4 54. h7 Kd3 55. h8=Q Kc3 56. Qc8+ Kxb3 57. Qc6 Ka3 58. Kf6 b5 59. Ke5 bxa4 60. Kd4 Kb3 61. Qc3+ 1-0

[Event "Play for Durgesh Fundraiser Blitz"]
[Site "Vishy Anand Arena"]
[Date "2020.09.19"]
[Round "9"]
[White "chirag_k1"]
[Black "enthusiast"]
[Result "0-1"]
[WhiteElo "1499"]
[BlackElo "1593"]
[Annotator "NA"]
[PlyCount "46"]
[EventDate "2020.09.19"]
[EventType "swiss (blitz)"]

1. e4 e5 2. Nf3 Nc6 3. Bc4 Nf6 4. d3 Bc5 5. Bg5 O-O 6. Nc3 d6 7. Nd5 Be6 8. Nxf6+ gxf6 9. Bh6 Kh8 10. Bxf8 Qxf8 11. h4 Qg7 12. g3 Bg4 13. c3 Na5 14. Bd5 c6 15. Bb3 f5 16. Bc2 fxe4 17. dxe4 Rd8 18. Bd3 Qf6 19. Be2 d5 20. Qc2 Bxf3 21. Rg1 Bxe2 22. Qxe2 dxe4 23. Qxe4 Qxf2# 0-1

[Event "Play for Durgesh Fundraiser Blitz"]
[Site "Vishy Anand Arena"]
[Date "2020.09.19"]
[Round "9"]
[White "Pradosh"]
[Black "Duvvaabbulu"]
[Result "0-1"]
[WhiteElo "1493"]
[BlackElo "1697"]
[Annotator "NA"]
[PlyCount "76"]
[EventDate "2020.09.19"]
[EventType "swiss (blitz)"]

1. d4 d6 2. e3 Nf6 3. Nf3 Nbd7 4. Nc3 e5 5. Nd2 c6 6. Be2 Qc7 7. O-O Be7 8. Bf3 h6 9. Bh5 g6 10. Bg4 Nf8 11. Bf3 g5 12. Be4 d5 13. Bd3 e4 14. Be2 Ng6 15. Re1 h5 16. Bf1 g4 17. g3 h4 18. b3 Nh5 19. Qe2 hxg3 20. hxg3 Be6 21. Bg2 O-O-O 22. f4 gxf3 23. Qf2 fxg2 24. Qxg2 Nxg3 25. Nf1 Rh1+ 26. Kf2 Rxf1+ 27. Rxf1 Bh4 28. Rg1 Qa5 29. Bd2 Qa6 30. a4 Ne2+ 31. Kf1 Nef4+ 32. Ne2 Nxg2 33. Kxg2 Qxe2+ 34. Kh1 Qf3+ 35. Rg2 Bh3 36. Rag1 Bxg2+ 37. Rxg2 Qf1+ 38. Rg1 Qh3# 0-1

[Event "Play for Durgesh Fundraiser Blitz"]
[Site "Vishy Anand Arena"]
[Date "2020.09.19"]
[Round "9"]
[White "Anant123"]
[Black "A1263a"]
[Result "0-1"]
[WhiteElo "1492"]
[BlackElo "1709"]
[Annotator "NA"]
[PlyCount "56"]
[EventDate "2020.09.19"]
[EventType "swiss (blitz)"]

1. d4 Nf6 2. c4 e6 3. Nc3 d5 4. Bg5 dxc4 5. e4 Be7 6. Bxc4 h6 7. Bh4 g5 8. Bg3 c5 9. Nf3 Qa5 10. Qa4+ Qxa4 11. Nxa4 cxd4 12. Nxd4 Nxe4 13. Nb5 Na6 14. O-O-O Nxg3 15. hxg3 Bd7 16. Nbc3 Bxa4 17. Nxa4 Rc8 18. Kb1 Rxc4 19. Rc1 Rxc1+ 20. Rxc1 O-O 21. f4 g4 22. Rh1 Kg7 23. Nc3 Rc8 24. Ne4 f5 25. Nf2 Nc5 26. Nd3 Nxd3 27. Rxh6 Kxh6 28. b4 Rc1# 0-1

[Event "Play for Durgesh Fundraiser Blitz"]
[Site "Vishy Anand Arena"]
[Date "2020.09.19"]
[Round "9"]
[White "Adt1999"]
[Black "Thewinner64"]
[Result "1-0"]
[WhiteElo "1488"]
[BlackElo "1446"]
[Annotator "NA"]
[PlyCount "79"]
[EventDate "2020.09.19"]
[EventType "swiss (blitz)"]

1. e4 c5 2. Nf3 g6 3. d4 cxd4 4. Nxd4 Bg7 5. Nc3 Nc6 6. Be3 Nf6 7. Nxc6 bxc6 8. f3 O-O 9. Qd2 d5 10. Bh6 dxe4 11. Qxd8 Rxd8 12. Bxg7 Kxg7 13. Nxe4 Nxe4 14. fxe4 Be6 15. Bd3 c5 16. Rf1 c4 17. Be2 Rab8 18. b3 cxb3 19. axb3 Rbc8 20. Bd3 Rc7 21. Ra6 Bc8 22. Ra5 Bg4 23. h3 Be6 24. Ke2 Rc3 25. Rxa7 Bxb3 26. Rxe7 Be6 27. Kd2 Rc4 28. Ke2 Rc3 29. Kd2 Rc4 30. Ke3 Kh6 31. h4 Rc3 32. Kd2 Rc4 33. Ke3 Rc3 34. Kd2 Rc4 35. Kc1 Rc3 36. Rd1 Ba2 37. Kb2 Rdc8 38. Kxa2 Rb8 39. Ra7 Rc5 40. Rb1 1-0

[Event "Play for Durgesh Fundraiser Blitz"]
[Site "Vishy Anand Arena"]
[Date "2020.09.19"]
[Round "9"]
[White "Chessjoker11"]
[Black "arjuncnilambur"]
[Result "1-0"]
[WhiteElo "1480"]
[BlackElo "1479"]
[Annotator "NA"]
[PlyCount "111"]
[EventDate "2020.09.19"]
[EventType "swiss (blitz)"]

1. e4 e5 2. Nf3 d6 3. Bc4 Bg4 4. d3 Qf6 5. Nbd2 Nc6 6. h3 Bh5 7. c3 Be7 8. O-O a6 9. b4 b5 10. Bd5 Bxf3 11. Nxf3 Kd7 12. a4 Nh6 13. axb5 axb5 14. Rxa8 Rxa8 15. Be3 Rb8 16. Qa1 g6 17. d4 Qh8 18. dxe5 Nxe5 19. Nxe5+ dxe5 20. Rd1 Bd6 21. Qa5 f5 22. exf5 Nxf5 23. Bc5 Qf8 24. Bxd6 cxd6 25. Qa7+ Ke8 26. Qxb8+ Ke7 27. Qxf8+ Kxf8 28. Bc6 Ke7 29. Bxb5 Ke6 30. Ba4 d5 31. b5 Nd6 32. b6 e4 33. Bb3 Nc8 34. Bxd5+ Kd6 35. Bb7+ Kc5 36. Bxc8 Kxb6 37. Rd7 Kc5 38. Rxh7 Kc4 39. Rh6 Kxc3 40. Bb7 e3 41. fxe3 Kd3 42. Rxg6 Kxe3 43. h4 Kf4 44. h5 Kf5 45. Bc8+ Ke5 46. h6 Kf4 47. h7 Ke5 48. h8=Q+ Kf4 49. Qf6+ Ke4 50. Bb7+ Kd3 51. Qf3+ Kd4 52. Rg4+ Kc5 53. Qf5+ Kb6 54. Rg6+ Kxb7 55. Qf7+ Kc8 56. Rg8# 1-0

[Event "Play for Durgesh Fundraiser Blitz"]
[Site "Vishy Anand Arena"]
[Date "2020.09.19"]
[Round "9"]
[White "Supriya H B"]
[Black "Alan K thomas"]
[Result "0-1"]
[WhiteElo "1477"]
[BlackElo "1480"]
[Annotator "NA"]
[PlyCount "76"]
[EventDate "2020.09.19"]
[EventType "swiss (blitz)"]

1. e4 c6 2. Nf3 d5 3. exd5 cxd5 4. d4 Nf6 5. Nc3 Bg4 6. Be2 e6 7. h3 Bh5 8. g4 Bg6 9. Bg5 Be7 10. Qd2 Ne4 11. Bxe7 Qxe7 12. Nxe4 Bxe4 13. O-O-O Nc6 14. Rhg1 Bxf3 15. Bxf3 O-O-O 16. Qc3 Kb8 17. Rge1 Rc8 18. Qb3 Qc7 19. Rd2 Na5 20. Qb5 Nc4 21. Rd3 Na3 22. Rc3 Nxb5 23. Rxc7 Rxc7 24. Re3 Nxd4 25. Bd1 Rhc8 26. Kb1 Nxc2 27. Bxc2 Rxc2 28. Re1 Rxf2 29. Rc1 Rxc1+ 30. Kxc1 Kc7 31. a3 e5 32. h4 e4 33. g5 e3 34. h5 e2 35. Kd2 e1=Q+ 36. Kxe1 Rf5 37. h6 gxh6 38. gxh6 Re5+ 0-1

[Event "Play for Durgesh Fundraiser Blitz"]
[Site "Vishy Anand Arena"]
[Date "2020.09.19"]
[Round "9"]
[White "Prajwalpshenoy"]
[Black "deborajbiswas"]
[Result "1-0"]
[WhiteElo "1472"]
[BlackElo "1561"]
[Annotator "NA"]
[PlyCount "43"]
[EventDate "2020.09.19"]
[EventType "swiss (blitz)"]

1. e4 c5 2. Nf3 d6 3. Bb5+ Nd7 4. d4 a6 5. Bxd7+ Qxd7 6. O-O e6 7. dxc5 dxc5 8. Qxd7+ Bxd7 9. c4 Bd6 10. Nc3 Bc7 11. Be3 b6 12. Rfd1 Nf6 13. Rd2 Rd8 14. Rad1 e5 15. Bg5 b5 16. Bxf6 gxf6 17. Nd5 Ba5 18. Nxf6+ Ke7 19. Rxd7+ Rxd7 20. Nxd7 Rd8 21. Nfxe5 f6 22. Nc6+ 1-0

[Event "Play for Durgesh Fundraiser Blitz"]
[Site "Vishy Anand Arena"]
[Date "2020.09.19"]
[Round "9"]
[White "Naga jaswanth"]
[Black "Danish2009"]
[Result "0-1"]
[WhiteElo "1462"]
[BlackElo "1457"]
[Annotator "NA"]
[PlyCount "44"]
[EventDate "2020.09.19"]
[EventType "swiss (blitz)"]

1. e4 e5 2. Nf3 Nc6 3. Bc4 Bc5 4. d3 Nf6 5. Nc3 Bb4 6. a3 Bxc3+ 7. bxc3 d6 8. O-O O-O 9. Bg5 h6 10. Bxf6 Qxf6 11. Qd2 Be6 12. Bxe6 Qxe6 13. d4 exd4 14. cxd4 Qxe4 15. d5 Ne5 16. Nxe5 Qxe5 17. Rfe1 Qf6 18. Rab1 Rfe8 19. Rxe8+ Rxe8 20. Rxb7 Qa1+ 21. Rb1 Qxb1+ 22. Qe1 Rxe1# 0-1

[Event "Play for Durgesh Fundraiser Blitz"]
[Site "Vishy Anand Arena"]
[Date "2020.09.19"]
[Round "9"]
[White "Chess98c"]
[Black "HRICK2008"]
[Result "1-0"]
[WhiteElo "1459"]
[BlackElo "1494"]
[Annotator "NA"]
[PlyCount "83"]
[EventDate "2020.09.19"]
[EventType "swiss (blitz)"]

1. e4 Nf6 2. d3 e5 3. Nf3 Nc6 4. Nc3 Bb4 5. Bd2 d6 6. a3 Ba5 7. b4 Bb6 8. Bg5 h6 9. Bh4 Bg4 10. h3 Bh5 11. Nd5 g5 12. Nxb6 axb6 13. Bg3 Nd4 14. Be2 Nxe2 15. Qxe2 c5 16. O-O b5 17. c4 Qd7 18. Qe3 b6 19. Rfb1 g4 20. hxg4 Nxg4 21. Qd2 f5 22. bxc5 bxc5 23. cxb5 fxe4 24. dxe4 O-O 25. Nxe5 Nxe5 26. Bxe5 Qf7 27. Bg3 Rad8 28. Qxh6 Bg6 29. Re1 Qh7 30. Qxh7+ Kxh7 31. f3 d5 32. exd5 Rxd5 33. Bf2 c4 34. a4 Rg8 35. Rec1 Bh5 36. Rxc4 Bxf3 37. Rc7+ Kh8 38. Kf1 Bxg2+ 39. Ke1 Re5+ 40. Kd2 Rd8+ 41. Kc3 Re2 42. Bd4+ 1-0

[Event "Play for Durgesh Fundraiser Blitz"]
[Site "Vishy Anand Arena"]
[Date "2020.09.19"]
[Round "9"]
[White "Hemanthagowda23"]
[Black "Pratul Rastogi"]
[Result "1-0"]
[WhiteElo "1459"]
[BlackElo "1343"]
[Annotator "NA"]
[PlyCount "45"]
[EventDate "2020.09.19"]
[EventType "swiss (blitz)"]

1. e4 e5 2. d4 Nc6 3. dxe5 Nxe5 4. Nf3 Nxf3+ 5. Qxf3 d6 6. Bc4 Nf6 7. h3 Be6 8. Bxe6 fxe6 9. Qb3 Qd7 10. Qxb7 Qd8 11. O-O Nxe4 12. Qxe4 Qf6 13. f4 Rd8 14. Qc6+ Ke7 15. Qxc7+ Ke8 16. Qxa7 Be7 17. Nc3 Rf8 18. Qe3 e5 19. Bd2 exf4 20. Rxf4 Qe5 21. Re4 Qf6 22. Nd5 Qxb2 23. Rxe7# 1-0